000 00858nam a22002297a 4500
005 2008070701041.0
008 080707t xxu||||| |||| 00| 0 eng d
010 _aENG-90455
020 _a9788131304075
_c395.00
035 _aEN-73988
037 _bDBAD / PUB
040 _aDPL
_bEN
082 _a363.708 / SAC
100 _aSacratees, J.
245 _aEnvironment impact assessment /
_cby J. Sacratees [and] R. Karthigarani
260 _aNew Delhi
_bAPH Publishing Corporation
_c2008
300 _axv, 121p.:
_c22cm.(Hb)
_bb & w photos
500 _aIncludes bibliograohical references
700 _aKarthigarani, R.
942 _2ddc
_cEN
_h363.708 / SAC
999 _c14221
_d14221